000 00291nam a22001217a 4500
082 _a570
_bCHH/T
100 _aCHHIKARA & SHARMA
245 _aTEACHING OF BIOLOGY
_bLIFE SCIENCES
260 _aLUDHIANA
_bVINOD PUBLICATIONS
300 _a228
650 _aBIOLOGY REFERENCE
_zINDIA
942 _cBK
999 _c1425
_d1425